| 000 | 02440cam a22004334a 4500 | ||
|---|---|---|---|
| 001 | 15360698 | ||
| 005 | 20150128100710.0 | ||
| 007 | co |g||||||||| | ||
| 008 | 080709s2010 pau b 001 0 eng | ||
| 010 | _a 2008030349 | ||
| 016 | 7 |
_a101478419 _2DNLM |
|
| 020 | _a9780781771832 (alk. paper) | ||
| 020 | _a0781771838 (alk. paper) | ||
| 035 | _a(OCoLC)ocn233678663 | ||
| 040 |
_aDNLM/DLC _cDLC _dNLM _dBTCTA _dBAKER _dYDXCP _dYDX _dCDX _dC#P _dDLC |
||
| 042 | _apcc | ||
| 050 | 0 | 0 |
_aRC 78 _b.T67 2010 |
| 082 | 0 | 0 | _a616.07/57 |
| 100 | 1 | _aTorres, Lillian S. | |
| 245 | 1 | 0 |
_aPatient care in imaging technology / _cLillian S. Torres, Andrea Guillen Dutton, TerriAnn Linn-Watson. |
| 250 | _a7th ed. | ||
| 260 |
_aPhiladelphia : _bWolters Kluwer Health/Lippincott Williams & Wilkins, _cc2010. |
||
| 300 |
_axxi, 324 pa : _billustrations (some color) ; _c28 cm. + _e1 CD-ROM (4 3/4 in.) |
||
| 500 | _aRev. ed. of: Basic medical techniques and patient care in imaging technology / Lillian S. Torres, TerriAnn Linn-Watson Norcutt, Andrea Guillen Dutton. 6th ed., c2003. | ||
| 504 | _aIncludes bibliographical references (p. 313-315) and index. | ||
| 505 | 0 | _aProfessional issues in imaging -- Patient assessment and communication in imaging -- Patient care and safety -- Infection control -- Surgical asepsis and the radiographer -- Vital signs and oxygen administration -- Basic electrocardiogram monitoring -- Medical emergencies -- Trauma and mobile radiographic considerations -- Pediatric radiographic considerations -- Geriatric radiographic considerations -- Patient care during urologic radiographic procedures -- Patient care during gastrointestinal radiographic procedures -- Caring for patients needing alternative medical treatments -- Pharmacology for the radiographer -- Care of patients during special procedures. | |
| 521 | _aRadiologist | ||
| 650 | 0 | _aMedical radiology. | |
| 650 | 0 | _aRadiologic technologists. | |
| 650 | 0 | _aNursing. | |
| 650 | 1 | 2 |
_aTechnology, Radiologic _xmethods. |
| 650 | 2 | 2 |
_aPatient Care _xmethods. |
| 700 | 1 | _aDutton, Andrea Guillen. | |
| 700 | 1 | _aLinn-Watson, TerriAnn. | |
| 700 | 1 |
_aTorres, Lillian S. _tBasic medical techniques and patient care in imaging technology. |
|
| 906 |
_a7 _bcbc _corignew _d1 _eecip _f20 _gy-gencatlg |
||
| 942 |
_2lcc _cBK |
||
| 999 |
_c278905 _d278905 |
||